Flags of Communist Nations - Statistics

General Stats
  • This quiz has been taken 80 times
  • The average score is 41 of 49
Answer Stats
Picture Answer % Correct
China
100%
Cuba
100%
North Korea
100%
Vietnam
100%
Belarus
98%
Laos
98%
Albania
96%
Soviet Union
96%
Bulgaria
95%
Yugoslavia
95%
Romania
93%
Angola
91%
East Germany
91%
Hungary
91%
Mongolia
91%
Poland
91%
Ukraine
91%
Somalia
89%
Czechoslovakia
88%
Kazakhstan
88%
Serbia
86%
Yemen
86%
Afghanistan
84%
Cambodia
84%
Estonia
84%
Latvia
84%
Moldova
84%
Tajikistan
84%
Uzbekistan
84%
Ethiopia
82%
Lithuania
82%
Mozambique
82%
Armenia
81%
Georgia
81%
Turkmenistan
81%
Croatia
79%
Kyrgyzstan
79%
Russia
79%
Bosnia
77%
Grenada
77%
Slovenia
77%
Azerbaijan
75%
Madagascar
75%
Montenegro
75%
Benin
67%
North Macedonia
65%
Rep. of the Congo
61%
Tuva
53%
Upper Volta
39%
No matching quizzes found
Score Distribution
Percent of People with Each Score
Percentile by Number Answered
Your Score History
You have not taken this quiz